Friends Forever (Record no. 3947)

000 -LEADER
fixed length control field 00269nam a22001217a 4500
003 - CONTROL NUMBER IDENTIFIER
control field OSt
005 - DATE AND TIME OF LATEST TRANSACTION
control field 20171102134722.0
008 - FIXED-LENGTH DATA ELEMENTS--GENERAL INFORMATION
fixed length control field 171102b xxu||||| |||| 00| 0 eng d
020 ## - INTERNATIONAL STANDARD BOOK NUMBER
International Standard Book Number 9780552171694
100 ## - MAIN ENTRY--PERSONAL NAME
Relator code Danielle Steel
245 ## - TITLE STATEMENT
Title Friends Forever
942 ## - ADDED ENTRY ELEMENTS (KOHA)
Source of classification or shelving scheme
Koha item type Book
Holdings
Withdrawn status Lost status Source of classification or shelving scheme Damaged status Not for loan Home library Current library Shelving location Date acquired Total Checkouts Barcode Date last seen Date checked out Price effective from Koha item type
          Riara University Library Riara University Library Leisure Reading 02/11/2017 5 nov317 20/09/2021 12/03/2020 02/11/2017 Book

Riara University Library,
P.O. Box 49940-00100,
Nairobi, Kenya.